Central Library OPAC University of Rajshahi

সাহিত্য-সম্ভার / (Record no. 244)

MARC details
000 -LEADER
fixed length control field 00981nam a2200253 a 4500
001 - CONTROL NUMBER
control field 244
003 - CONTROL NUMBER IDENTIFIER
rucl marc code BD-RjUL
005 - DATE AND TIME OF LATEST TRANSACTION
control field 20211208233135.0
008 - FIXED-LENGTH DATA ELEMENTS--GENERAL INFORMATION
fixed length control field 131113s1965 bg | |||| 001 1 ben d
020 ## - INTERNATIONAL STANDARD BOOK NUMBER
Terms of availability Prs. 5.00
035 ## - SYSTEM CONTROL NUMBER
System control number (BD-RjUL)259
040 ## - CATALOGING SOURCE
Original cataloging agency BD-RjUL
Language of cataloging ben
Transcribing agency BD-RjUL
041 ## - LANGUAGE CODE
Language code of text/sound track or separate title ben
082 04 - DEWEY DECIMAL CLASSIFICATION NUMBER
Edition number 23
Classification number 891.4409
Author mark and year MOS 1965
100 10 - MAIN ENTRY--PERSONAL NAME
Personal name মুহম্মদ, কাজী দীন.
9 (RLIN) 741
245 10 - TITLE STATEMENT
Title সাহিত্য-সম্ভার /
Statement of responsibility, etc. কাজী দীন মুহম্মদ.
260 ## - PUBLICATION, DISTRIBUTION, ETC. (IMPRINT)
Place of publication, distribution, etc. ঢাকা :
Name of publisher, distributor, etc. নওরোজ কিতাবিস্তান,
Date of publication, distribution, etc. ১৯৬৫.
300 ## - PHYSICAL DESCRIPTION
Pagination [৬],২০৪ পৃ. ;
Size ২০ সেমি.
504 ## - BIBLIOGRAPHY, ETC. NOTE
Bibliography, etc গ্রন্থপঞ্জি ও নির্ঘন্ট সংযুক্ত.
Bibliography, etc .
650 #7 - SUBJECT ADDED ENTRY--TOPICAL TERM
Topical term or geographic name as entry element বাংলা সাহিত্য
9 (RLIN) 603
General subdivision ইতিহাস ও সমালোচনা
Topical term or geographic name as entry element Bengali literature.
General subdivision History and Criticism
9 (RLIN) 117020
942 ## - ADDED ENTRY ELEMENTS (KOHA)
Source of classification or shelving scheme Dewey Decimal Classification
Koha item type Books
Holdings
Lost status Source of classification or shelving scheme Damaged status Not for loan Collection code Permanent Location Current Location Shelving location Date acquired Source of acquisition Cost, normal purchase price Total Checkouts Full call number Date last seen Copy number Koha item type
  Dewey Decimal Classification     Non-fiction Central Library, University of Rajshahi Central Library, University of Rajshahi   29/12/1965 Raj.Orient 5.00   B 891.4409 MOS 1965 13/11/2013 C-6 Books
  Dewey Decimal Classification     Non-fiction Central Library, University of Rajshahi Central Library, University of Rajshahi   26/02/1966   5.50   B 891.4409 MOS 1965 27/09/2016 C-2 Books
  Dewey Decimal Classification     Non-fiction Central Library, University of Rajshahi Central Library, University of Rajshahi   29/12/1965 Orient Library 5.50   B 891.4409 MOS 1965 27/09/2016 C-3 Books
  Dewey Decimal Classification     Non-fiction Central Library, University of Rajshahi Central Library, University of Rajshahi   29/12/1965 Orient Library 5.50   B 891.4409 MOS 1965 27/09/2016 C-4 Books
  Dewey Decimal Classification     Non-fiction Central Library, University of Rajshahi Central Library, University of Rajshahi   13/06/1968 Nawroge 5.40   B 891.4409 MOS 1965 27/09/2016 C-5 Books
  Dewey Decimal Classification     Non-fiction Central Library, University of Rajshahi Central Library, University of Rajshahi   29/12/1965 Dhaka Oriental Book House 5.50   B 891.4409 MOS 1965 27/09/2016 C-7 Books
  Dewey Decimal Classification     Non-fiction Central Library, University of Rajshahi Central Library, University of Rajshahi   29/12/1965 Dhaka Oriental Book House 5.50   B 891.4409 MOS 1965 27/09/2016 C-8 Books
  Dewey Decimal Classification     Non-fiction Central Library, University of Rajshahi Central Library, University of Rajshahi   29/12/1965 Orient Library 5.50   B 891.4409 MOS 1965 28/09/2016 C-9 Books
  Dewey Decimal Classification     Non-fiction Central Library, University of Rajshahi Central Library, University of Rajshahi   26/02/1966   5.50   B 891.4409 MOS 1965 02/10/2016 C-10 Books
  Dewey Decimal Classification   Not For Loan Non-fiction Central Library, University of Rajshahi Central Library, University of Rajshahi Reading Room 16/02/1976 Nawaze 5.50   B 891.4409 MOS 1965 02/10/2016 C-1 Books